[Teória rizika v poistení]

Recenzia na vysokoškolskú učebnicu, ktorá pozostáva zo šiestich kapitol, dodatku a štyroch príloh, ktoré zahŕňajú prehľad základných rozdelení pravdepodobnosti spolu s charakteristikami a štatistické tabuľky.

Gespeichert in:
Bibliographische Detailangaben
1. Verfasser: Šoltésová, Tatiana, 1975-
Format: Buchkapitel
Sprache:Slowakisch
Schlagworte:
Tags: Tag hinzufügen
Keine Tags, Fügen Sie das erste Tag hinzu!

MARC

LEADER 00000naa a2200000 4500
001 0220509
005 20240502073625.8
041 0 |a slo 
044 |a SK 
245 1 0 |a [Teória rizika v poistení]  |c Tatiana Šoltésová 
520 |a Recenzia na vysokoškolskú učebnicu, ktorá pozostáva zo šiestich kapitol, dodatku a štyroch príloh, ktoré zahŕňajú prehľad základných rozdelení pravdepodobnosti spolu s charakteristikami a štatistické tabuľky. 
610 2 0 |a recenzie 
610 2 0 |a riziko poistné 
610 2 0 |a modely stochastické 
610 2 0 |a trh poistný 
100 1 |a Šoltésová, Tatiana, 1975-